书目信息 |
| 题名: |
斯巴达克思
|
|
| 作者: | 乔万尼奥里 著 ;李俍民 译 | |
| 分册: | ||
| 出版信息: | 上海 上海译文出版社 1978 |
|
| 页数: | 772页 | |
| 开本: | 19cm | |
| 丛书名: | ||
| 单 册: | ||
| 中图分类: | I546.44 | |
| 科图分类: | ||
| 主题词: | 长篇小说--意大利--近代 | |
| 电子资源: | ||
| ISBN: | ||
| 000 | 00706nam0 2200241 450 | |
| 001 | 1560639297 | |
| 005 | 20150205165106.18 | |
| 010 | @dCNY1.85 | |
| 091 | @a10188.24 | |
| 100 | @a19950721e19811978em y0chiy50 ea | |
| 101 | 1 | @achi@cita |
| 102 | @aCN@b310000 | |
| 105 | @ay z 000ay | |
| 200 | 1 | @a斯巴达克思@9si ba da ke si@f(意)乔万尼奥里著@g李俍民译 |
| 205 | @a新1版 | |
| 210 | @a上海@c上海译文出版社@d1978@h1981重印 | |
| 215 | @a772页@d19cm | |
| 606 | 0 | @a长篇小说@y意大利@z近代 |
| 690 | @aI546.44@v5 | |
| 701 | 0 | @c(意)@a乔万尼奥里@9qiao wan ni ao li@c(Giofagnoli, Raffaello@f1838~1915)@4著 |
| 702 | 0 | @a李俍民@9li liang min@4译 |
| 801 | 0 | @aCN@bTSSF@c20150205 |
| 905 | @aZUCC@dI546.44@eJY1 | |
| 斯巴达克思/(意)乔万尼奥里著/李俍民译.-新1版.-上海:上海译文出版社,1978(1981重印) |
| 772页;19cm |
| ISBN :CNY1.85 |
| ● |
| 相关链接 |
|
|
|
|
正题名:斯巴达克思
索取号:I546.44/JY1
 
预约/预借
| 序号 | 登录号 | 条形码 | 馆藏地/架位号 | 状态 | 备注 |
| 1 | 7849754 | 278497547 | 学院路分馆/ [索取号:I546.44/JY1] | 在馆 |